[Event "Oregon Open"]
[Site "Portland, OR"]
[Date "2014.09.01"]
[Round "5"]
[White "Pupols, Viktors"]
[Black "Zhang, Derek"]
[Result "1-0"]
[WhiteElo "2200"]
[BlackElo "1924"]
[PlyCount "63"]
[EventDate "2014.08.30"]

1. d4 e6 2. c4 f5 3. g3 Nf6 4. Bg2 d5 5. Nh3 c6 6. O-O Bd6 7. b3 Qe7 8. a4 a5
9. Ba3 O-O 10. Bxd6 Qxd6 11. Nd2 b6 12. Nf3 Bb7 13. Nf4 Na6 14. cxd5 cxd5 15.
Ne5 Nb4 16. Nfd3 Rfc8 17. Rc1 Rxc1 18. Qxc1 Rc8 19. Qa1 Rc2 20. Rc1 Rxe2 21.
Qc3 Ne4 22. Qc7 Qxc7 23. Rxc7 Nxd3 24. Bf1 Re1 25. Nxd3 Rb1 26. Rxb7 Nd2 27.
Rb8+ Kf7 28. Ne5+ Kf6 29. Kg2 Nxf1 30. h4 g5 31. Rb7 gxh4 32. gxh4 1-0

[Event "Oregon Open"]
[Site "Portland, OR"]
[Date "2014.09.01"]
[Round "5"]
[White "Raptis, Nick"]
[Black "Grabinsky, Aaron"]
[Result "1-0"]
[WhiteElo "2382"]
[BlackElo "2270"]
[PlyCount "63"]
[EventDate "2014.08.30"]

1. d4 e6 2. Nf3 b6 3. e4 d5 4. exd5 Qxd5 5. c4 Qd8 6. Nc3 Bb7 7. Bd3 Nf6 8. O-O
Be7 9. Qe2 Nbd7 10. Bg5 O-O 11. Rad1 a6 12. Rfe1 Re8 13. Ne5 Nf8 14. Bc2 N6d7
15. Bf4 Ng6 16. Bg3 Bb4 17. Ba4 Bxc3 18. bxc3 Ngxe5 19. dxe5 c6 20. Rd6 Qc7 21.
Red1 Nc5 22. Bc2 Rad8 23. Qh5 g6 24. Qh6 Rxd6 25. exd6 Qd7 26. Be5 f5 27. h4
Qf7 28. f4 Nd7 29. Rd3 Nf6 30. h5 c5 31. hxg6 hxg6 32. Rg3 1-0

[Event "Oregon Open (Reserve)"]
[Site "Portland, OR"]
[Date "2014.09.01"]
[Round "5"]
[White "Brahmarouthu, Abhinav"]
[Black "Dussome, David Elliot"]
[Result "1-0"]
[WhiteElo "1719"]
[BlackElo "1832"]
[PlyCount "90"]
[EventDate "2014.08.30"]

1. e4 c5 2. Nf3 d6 3. Bb5+ Nc6 4. Nc3 a6 5. Bxc6+ bxc6 6. O-O e5 7. d3 Be7 8.
Ne2 Nf6 9. Ng3 O-O 10. Re1 Re8 11. c4 Rb8 12. Rb1 Nd7 13. Nf5 Nf8 14. Nxe7+
Qxe7 15. b3 Bg4 16. h3 Bxf3 17. Qxf3 Ne6 18. Be3 Nd4 19. Bxd4 cxd4 20. Qg4 Rb7
21. f4 Reb8 22. Re2 a5 23. Reb2 c5 24. f5 a4 25. Qd1 Qg5 26. Kh1 g6 27. fxg6
fxg6 28. a3 Qg3 29. b4 cxb4 30. Qxa4 Qxd3 31. Rxb4 Qxb1+ 32. Rxb1 Rxb1+ 33. Kh2
d3 34. Qd7 d2 35. Qe6+ Kf8 36. Qxd6+ Ke8 37. Qxe5+ Kf8 38. Qd6+ Kg7 39. Qxd2
Kf6 40. c5 R8b2 41. Qc3+ Kg5 42. c6 Rb3 43. Qc5+ Kh4 44. Qf2+ Kh5 45. c7 Kh6
1-0

[Event "Oregon Open (Reserve)"]
[Site "Portland, OR"]
[Date "2014.09.01"]
[Round "5"]
[White "Zhang, Gavin"]
[Black "Shimada, Masakazu"]
[Result "1-0"]
[WhiteElo "1633"]
[BlackElo "1712"]
[PlyCount "157"]
[EventDate "2014.08.30"]

1. e4 c5 2. c3 d5 3. e5 d4 4. Nf3 Nc6 5. Bc4 e6 6. O-O Qc7 7. Re1 Nge7 8. d3
Ng6 9. Qe2 b6 10. Na3 a6 11. Nc2 dxc3 12. bxc3 Bb7 13. d4 b5 14. Bd3 O-O-O 15.
Be3 c4 16. Be4 Qa5 17. Rec1 Nge7 18. Bd2 Nd5 19. Ne3 Nf4 20. Qf1 Nd5 21. Bxd5
exd5 22. Nf5 g6 23. Ng3 Be7 24. Bg5 Bxg5 25. Nxg5 Rdf8 26. Qe2 h6 27. Nf3 Qc7
28. Nf1 Kb8 29. Ne3 Ne7 30. Rcb1 Qd7 31. Qb2 Rc8 32. a4 Bc6 33. Qa3 Kc7 34.
axb5 Bxb5 35. Qc5+ Kd8 36. Qd6 Rc6 37. Qxd7+ Kxd7 38. Ne1 Rb6 39. N1c2 Rhb8 40.
Nb4 Ke6 41. Ra3 h5 42. Rba1 Ra8 43. h4 Ra7 44. g3 Rab7 45. Nxa6 Bxa6 46. Rxa6
Kd7 47. Rxb6 Rxb6 48. Rc1 Kc6 49. Kg2 Rb3 50. Nd1 Nc8 51. Kf3 Nb6 52. Ke3 Kb5
53. Rc2 Ra3 54. Kd2 Kc6 55. Rc1 Kd7 56. Ke3 Ke6 57. Kf4 Na4 58. Kf3 Ke7 59. Ke3
Ke6 60. Kd2 Ra2+ 61. Rc2 Ra1 62. Ne3 Ra3 63. Ng2 Kf5 64. f3 Ke6 65. Nf4+ Kd7
66. Nxd5 Ra1 67. Rc1 Ra2+ 68. Ke3 Ke6 69. Ke4 Re2+ 70. Ne3 Nb6 71. Kf4 f6 72.
exf6 Kxf6 73. g4 hxg4 74. fxg4 Rf2+ 75. Kg3 Rd2 76. Rb1 Na4 77. Rf1+ Ke6 78.
Nxc4 Nxc3 79. Nxd2 1-0

[Event "Oregon Open (Reserve)"]
[Site "Portland, OR"]
[Date "2014.09.01"]
[Round "6"]
[White "Eagles, Roland"]
[Black "Brahmarouthu, Abinav"]
[Result "0-1"]
[WhiteElo "1719"]
[BlackElo "1745"]
[PlyCount "56"]
[EventDate "2014.08.30"]

1. d4 d5 2. Nf3 Nf6 3. g3 Bf5 4. Bg2 e6 5. Bg5 h6 6. Bf4 c5 7. c3 Qb6 8. b3 Nc6
9. O-O Be7 10. e3 Ne4 11. Nfd2 Nxd2 12. Nxd2 g5 13. Be5 f6 14. dxc5 Qd8 15. Bd6
Bxd6 16. cxd6 Qxd6 17. Qh5+ Ke7 18. e4 dxe4 19. Nxe4 Qc7 20. Rad1 Ne5 21. Rfe1
Bg4 22. Nxf6 Bxh5 23. Nxh5 Rad8 24. Rd4 Qxc3 25. Rde4 Nf3+ 26. Bxf3 Qxf3 27.
Rxe6+ Kd7 28. Re7+ Kc8 0-1

[Event "Oregon Open (Reserve)"]
[Site "Portland, OR"]
[Date "2014.09.01"]
[Round "6"]
[White "Wallulis, Karl Joseph"]
[Black "Samillano, Jazon"]
[Result "1-0"]
[WhiteElo "1183"]
[BlackElo "1572"]
[PlyCount "145"]
[EventDate "2014.08.30"]

1. e4 c5 2. Nf3 d6 3. d4 cxd4 4. Nxd4 Nf6 5. Nc3 g6 6. Be3 Bg7 7. f3 O-O 8. Qd2
Nc6 9. O-O-O d5 10. Qe1 e5 11. Nxc6 bxc6 12. exd5 cxd5 13. Bg5 Qa5 14. Qxe5 Re8
15. Qf4 d4 16. Rxd4 Nh5 17. Re4 Nxf4 18. Rxe8+ Bf8 19. Bxf4 Bb7 20. Re5 Qb4 21.
Bg5 Rb8 22. Rb5 Qd4 23. Be2 Qf2 24. Bf4 Qxg2 25. Re1 Qf2 26. Bg3 Qe3+ 27. Kb1
Qe8 28. Bd3 Qc8 29. Bxb8 a6 30. Rb3 Qxb8 31. Bc4 Qxh2 32. Rxb7 Qf2 33. Rd1 h5
34. Bd5 h4 35. Bxf7+ Kg7 36. Be6+ Kh6 37. Bg8 Bg7 38. Rb4 h3 39. f4 Bxc3 40.
bxc3 Qf3 41. Rbd4 Qxc3 42. R4d3 Qb4+ 43. Rb3 Qxf4 44. Rxh3+ Kg7 45. Bb3 Qg4 46.
Rhd3 Qg2 47. Rd7+ Kh6 48. Ra7 Qe2 49. Rc1 g5 50. Rh1+ Kg6 51. Bf7+ Kf5 52. Bb3
Kf4 53. Rf7+ Kg4 54. Bd5 Qb5+ 55. Bb3 Qb6 56. Ka1 Kg3 57. Rff1 g4 58. Rhg1+ Kh4
59. Rg2 Kg5 60. Rfg1 Kf4 61. Rxg4+ Ke3 62. R1g3+ Kd2 63. Rd3+ Ke2 64. Rg2+ Kf1
65. Rdd2 Qf6+ 66. Kb1 Qc3 67. Bd5 Qb4+ 68. Kc1 Qa3+ 69. Kd1 Qe3 70. Rdf2+ Qxf2
71. Rxf2+ Kxf2 72. Kd2 a5 73. c4 1-0